Statistics for Inca Emperors

Click here to take the quiz!

General Stats

  • This quiz has been taken 92 times
  • The average score is 4 of 17

Answer Stats

HintAnswer% Correct
1532–1533Atahualpa
77%
1571–1572Túpac Amaru
57%
1527–1532Huáscar
36%
1493–1527Huayna Capac
36%
1200–1230Manco Cápac
36%
1533–1544Manco Inca Yupanqui (Manco Capac II)
36%
1438–1471Pachacuti
36%
1350–1380Inca Roca
16%
1260–1290Lloque Yupanqui
16%
1230–1260Sinchi Roca
16%
1471–1493Túpac Inca Yupanqui
13%
1410–1438Viracocha
13%
1290–1320Mayta Cápac
11%
1320–1350Cápac Yupanqui
10%
1563–1571Titu Cusi
8%
1380–1410Yáhuar Huácac
8%
1544–1560Sayri Túpac
7%

Score Distribution

Percentile by Number Answered

Percent of People with Each Score

Your Score History

You have not taken this quiz